Missing Word: American Patriotic Songs Quiz Stats

 Plays Quiz Updated Jul 4, 2017

Support Sporcle.
Go Orange.
Score 0/20 Timer 05:00
0 Plays Today
Title Missing Word % Correct
America the _____Beautiful
93.9%
God _____ AmericaBless
93.3%
The Star _____ BannerSpangled
93%
This Land is _____ LandYour
91.5%
My Country, 'Tis of _____Thee
91.1%
You're a _____ Old FlagGrand
87.2%
The Stars and Stripes _____Forever
84.1%
The Battle _____ of the RepublicHymn
79.5%
Hail to the _____Chief
78%
Ragged Old _____Flag
76.2%
Title Missing Word % Correct
God Bless the _____U.S.A.
74.3%
When _____ Comes Marching HomeJohnny
65.4%
Anchors _____Aweigh
65.3%
Ballad of the Green _____Berets
62.3%
Praise the Lord and Pass the _____Ammunition
33.3%
Columbia, the Gem of the _____Ocean
32.9%
The Army Goes _____ AlongRolling
31%
The Yankee Doodle _____Boy
27.9%
Battle Cry of _____Freedom
25.8%
One Nation Under a _____Groove
10.9%

Today's Daily Dose

You're not logged in!

Compare scores with friends on all Sporcle quizzes.
OR
Log In
Forgot?

From the Vault

-bin Definitions

by NO_r_WAY

If you don't do well, just toss your score in the bin.
Remove Ads.
Support Sporcle.
Get the best of Sporcle when you Go Orange. This ad-free experience offers more features, more stats, and more fun while also helping to support Sporcle. Thank you for becoming a member.

Show Comments

Extras

Top Quizzes Today


Score Distribution

Your Account Isn't Verified!

In order to create a playlist on Sporcle, you need to verify the email address you used during registration. Go to your Sporcle Settings to finish the process.

Report this User

Report this user for behavior that violates our Community Guidelines.

Details: